UM Logo

Reaching the top: (Record no. 10922)

MARC details
000 -LEADER
fixed length control field 00477nam a2200133 4500
008 - FIXED-LENGTH DATA ELEMENTS--GENERAL INFORMATION
fixed length control field 180927b ||||| |||| 00| 0 eng d
100 ## - MAIN ENTRY--PERSONAL NAME
9 (RLIN) 31743
Personal name Barlongay, Mary Angela S.
245 ## - TITLE STATEMENT
Title Reaching the top:
Remainder of title dentistry topnotcher shares her journey and life lessons as a student/
Statement of responsibility, etc. Mary Angela S. Barlongay
260 ## - PUBLICATION, DISTRIBUTION, ETC. (IMPRINT)
Place of publication, distribution, etc. Philippines
Name of publisher, distributor, etc. Manila Bulletin
Date of publication, distribution, etc. c2017
300 ## - PHYSICAL DESCRIPTION
Extent page D-4.
650 #0 - SUBJECT ADDED ENTRY--TOPICAL TERM
9 (RLIN) 31744
Topical term or geographic name as entry element Licensure-Examinations.
700 ## - ADDED ENTRY--PERSONAL NAME
9 (RLIN) 31745
Personal name Pabalate, Noel
942 ## - ADDED ENTRY ELEMENTS (KOHA)
Source of classification or shelving scheme Dewey Decimal Classification
Koha item type Periodicals
Holdings
Withdrawn status Lost status Source of classification or shelving scheme Damaged status Not for loan Collection code Home library Current library Date acquired Total Checkouts Date last seen Price effective from Koha item type Public note
    Dewey Decimal Classification     Periodicals UM Digos College - LIC UM Digos College - LIC 09/27/2018   09/27/2018 09/27/2018 Periodicals Newspaper Clippings